000 01089nam a22002897a 4500
999 _c14162
_d14162
003 MIRAKIL
005 20201110174439.0
008 201110b tu ||||| |||| 00| 0 tur d
040 _aTR-AnCHP
_btur
_cTR-AnCHP
041 _atur
082 _aCHP 352.008
_bC36c 2014
090 _aBROŞÜR 547
110 _aCumhuriyet Halk Partisi (CHP)
245 _aCumhuriyet Halk Partisi belediye başkanları albümü :
_b2014-2019 /
_cCumhuriyet Halk Partisi.
246 _aCHP belediye başkanları, 2014
246 _aCHP belediye başkanları
260 _aAnkara :
_bCHP,
_c2014.
300 _a69 s.:
_bfotg.,
_c15 sm.
440 _aCumhuriyet Halk Partisi yayınları
_pEl kitapları
505 _aCHP Büyükşehir belediye başkanları - CHP İl belediye başkanları - CHP ilçe belediye başkanları - CHP belde belediye başkanları
610 _aCumhuriyet Halk Partisi (CHP)
_xBelediye başkanları
650 _aBelediyeler
_zTürkiye
650 _aYerel yönetimler
_zTürkiye
650 _aBelediye başkanları
_zTürkiye
830 _aCHP yayınları
942 _2ddc
_cVIS